000 00272nam a2200109Ia 4500
001 588894
005 20250717120839.0
008 250717s9999 xx 000 0 und d
245 0 _aY-7 BABÜR ŞAH
_cCANAN KUŞ BÜYÜKTAŞ
260 _bERDEM YAYINLARI
_c2018
300 _b110
999 _c588894
_d588894